| 000 | 00504nam a22001697a 4500 | ||
|---|---|---|---|
| 999 |
_c40906 _d40906 |
||
| 003 | OSt | ||
| 005 | 20201014142344.0 | ||
| 008 | 201014b ||||| |||| 00| 0 eng d | ||
| 020 | _a9788170146056 | ||
| 040 | _coclc | ||
| 082 |
_a658.4033 _bKAP/O |
||
| 100 | _aKapoor, V K | ||
| 245 |
_aOperations Research Problems And Solutions / _cV K Kapoor |
||
| 250 | _a4th Ed. | ||
| 260 |
_aNew Delhi: _bSultan Chand And Sons, _c2007. |
||
| 942 |
_cBK _2ddc _h658.4033 _iKAP/O _k658.4033 _mKAP/O |
||